000 00631nam a2200181Ia 4500
008 100921s9999 xx 000 0 und d
082 _b35097
_a891.463 न 02
100 _aसावंत वि.कृ.
245 _aतेजस्विनी.
260 _bमधुश्री प्रकाशन, पुणे.
_c2002
300 _a176
_bकलाभारती वितरण,पुणे
365 _b160
520 _aललित-कादंबरी.
630 _aतेजस्विनी.
650 _aललित-कादंबरी.
730 _aतेजस्विनी.
942 _cBOOK
999 _c784210
_d784207